| 000 | 00718nam a22001937a 4500 | ||
|---|---|---|---|
| 003 | OSt | ||
| 005 | 20250903085754.0 | ||
| 008 | 250807b |||||||| |||| 00| 0 eng d | ||
| 040 | _c0 | ||
| 082 | _aDPer 657.05 J826 July-December 2021 v. 232 n. 1-6 | ||
| 100 |
_aKruse, Carrie. _eauthor. _966881 |
||
| 245 |
_aFinding the best talent using remote interviews / _cCarrie Kruse. |
||
| 260 |
_aDurham, North Carolina ; _b Association of International Certified Public Accountants , _cJuly 2021. |
||
| 300 |
_avolume 232, pages 34-37 ; _c28 cm. |
||
| 500 | _aJournal of Accountancy, vol. 232, no. 1, pages 34-37, July 2021. | ||
| 650 | 0 |
_aInterviews. _942845 |
|
| 700 |
_aKruse, Carrie. _eauthor. _966880 |
||
| 942 |
_2ddc _cPER |
||
| 999 |
_c23634 _d23634 |
||